El obispo Palafox y Mendoza / (Registro nro. 169891)
[ vista simple ]
| 000 -LEADER | |
|---|---|
| campo de control de longitud fija | 01015nam a2200229 i 4500 |
| 001 - NÚMERO DE CONTROL | |
| campo de control | 169891 |
| 003 - IDENTIFICADOR DE NÚMERO DE CONTROL | |
| campo de control | ES-MaACL |
| 005 - FECHA Y HORA DE LA ÚLTIMA TRANSACCIÓN | |
| campo de control | 20250812062544.0 |
| 008 - DATOS DE LONGITUD FIJA--INFORMACIÓN GENERAL | |
| campo de control de longitud fija | 081216s1960 sp |||| | spa d |
| 080 ## - NÚMERO DE LA CLASIFICACIÓN DECIMAL UNIVERSAL | |
| Número de la Clasificación Decimal Universal | 929 Palafox y Mendoza, Juan de |
| 100 1# - ENTRADA PRINCIPAL--NOMBRE DE PERSONA | |
| Nombre de persona | Arteaga, Cristina de la Cruz de. |
| 9 (RLIN) | 139084 |
| 245 13 - MENCIÓN DEL TÍTULO | |
| Título | El obispo Palafox y Mendoza / |
| Mención de responsabilidad, etc. | Sor Cristina de la Cruz de Arteaga ; [palabras preliminares de la... marquesa de la Eliseda]. |
| 260 ## - PUBLICACIÓN, DISTRIBUCIÓN, ETC. | |
| Lugar de publicación, distribución, etc. | Madrid : |
| Nombre del editor, distribuidor, etc. | Ateneo, |
| Fecha de publicación, distribución, etc. | 1960 ( |
| Fabricante | Gráf. Benzal) |
| 300 ## - DESCRIPCIÓN FÍSICA | |
| Extensión | 35 p., [2] h. ; |
| Dimensiones | 19 cm. |
| 490 1# - MENCIÓN DE SERIE | |
| Mención de serie | Colección O crece o muere ; |
| Designación de volumen o secuencia | 152 |
| 500 ## - NOTA GENERAL | |
| Nota general | "El original de este cuaderno fue dado a conocer por la Excma. Sra. D.ª Teresa de Arteaga, marquesa de la Eliseda, en el Ateneo de Madrid, el día 9 de mayo de 1960" |
| 600 14 - PUNTO DE ACCESO ADICIONAL DE MATERIA--NOMBRE DE PERSONA | |
| Nombre de persona | Palafox y Mendoza, Juan de, |
| Fechas asociadas al nombre | 1600-1659 |
| 9 (RLIN) | 239354 |
| 610 24 - PUNTO DE ACCESO ADICIONAL DE MATERIA--NOMBRE DE ENTIDAD CORPORATIVA | |
| Nombre de entidad corporativa o nombre de jurisdicción como elemento de entrada | Ateneo de Madrid- |
| Subdivisión de forma | Conferencias- |
| Subdivisión cronológica | 1940-1982. |
| 9 (RLIN) | 1908 |
| 830 10 - PUNTO DE ACCESO ADICIONAL DE SERIE-TÍTULO UNIFORME | |
| Título uniforme | Colección "O crece o muere" |
| Designación de volumen o secuencia | 152 |
| 9 (RLIN) | 183476 |
| 852 4# - LOCALIZACIÓN | |
| Ubicación | ES-MaACL |
| Número de control de estantería | 2244-F-2 |
| Estatus retirado | Estado de pérdida | Estado de daño | No para préstamo | Colección | Biblioteca de origen | Biblioteca actual | Ubicación en estantería | Fecha de adquisición | Fuente de adquisición | Total de préstamos | Signatura topográfica completa | Código de barras | Visto por última vez | Precio de reemplazo | Tipo de ítem Koha |
|---|---|---|---|---|---|---|---|---|---|---|---|---|---|---|---|
| Colección de folletos | Biblioteca del Ateneo de Madrid | Biblioteca del Ateneo de Madrid | Depósito folletos | 16/12/2008 | 2244-F-2 | 1178367 | 23/02/2023 | 23/02/2023 | Folleto |
